[Event "Primorsky Debut 2014"]
[Site "Vladivostok RUS"]
[Date "2014.07.25"]
[Round "5.6"]
[White "Yanchenko, Roman"]
[Black "Ovetchkin, Roman"]
[Result "1/2-1/2"]
[WhiteTitle "FM"]
[BlackTitle "GM"]
[WhiteElo "2311"]
[BlackElo "2521"]
[WhiteFideId "4137329"]
[BlackFideId "4119991"]
[EventDate "2014.07.21"]

1. d4 Nf6 2. c4 c5 3. dxc5 e6 4. Nf3 Bxc5 5. e3 O-O 6. Nc3 d5 7. a3 dxc4 8. Qc2
a6 9. Bxc4 b5 10. Bd3 Nbd7 11. b4 Be7 12. O-O Bb7 13. Rd1 Rc8 14. Bb2 Qc7 15.
Rac1 Bxf3 16. gxf3 Ne5 17. Qe2 Nxd3 18. Rxd3 Qb7 19. Rcd1 Rfd8 20. Kg2 Qa8 21.
a4 Rxd3 22. Rxd3 bxa4 23. Nxa4 Nd5 24. Rb3 Rb8 25. b5 axb5 26. Rxb5 Bf6 27. Bxf6
Rxb5 28. Qxb5 Nxf6 29. Nc5 h6 30. Nd3 Qd5 31. Qb8+ Kh7 32. Ne5 Nd7 33. Qb1+ Kg8
34. Nxd7 Qxd7 35. Qb8+ Kh7 36. Qb1+ f5 37. f4 Kg6 38. Kg3 Qd5 39. h3 Kh7 40. h4
Kg6 41. Qa1 Qd7 42. Qh1 h5 43. Qa8 1/2-1/2

[Event "Primorsky Debut 2014"]
[Site "Vladivostok RUS"]
[Date "2014.07.25"]
[Round "5.7"]
[White "Ivanov, Mikhail M"]
[Black "Chuhachev, Vladimir"]
[Result "1-0"]
[WhiteTitle "GM"]
[WhiteElo "2392"]
[BlackElo "2165"]
[WhiteFideId "4114906"]
[BlackFideId "4142330"]
[EventDate "2014.07.21"]

1. Nf3 c5 2. c4 Nf6 3. g3 d5 4. cxd5 Nxd5 5. Bg2 Nc6 6. Nc3 Nc7 7. Qa4 Bd7 8.
Qe4 f6 9. d4 cxd4 10. Nxd4 e5 11. Nb3 Bb4 12. O-O O-O 13. Rd1 Bxc3 14. bxc3 Qe7
15. Ba3 Qxa3 16. Rxd7 Rac8 17. Qg4 1-0

[Event "Primorsky Debut 2014"]
[Site "Vladivostok RUS"]
[Date "2014.07.25"]
[Round "5.8"]
[White "Guseva, Marina"]
[Black "Vitinik, Mikhail"]
[Result "1-0"]
[WhiteTitle "IM"]
[BlackTitle "IM"]
[WhiteElo "2362"]
[BlackElo "2213"]
[WhiteFideId "4149351"]
[BlackFideId "4125193"]
[EventDate "2014.07.21"]

1. d4 Nf6 2. c4 g6 3. Nf3 Bg7 4. e3 O-O 5. Be2 d6 6. Nc3 Nc6 7. d5 Nb8 8. O-O
Na6 9. Nd4 Bd7 10. Bf3 Qc8 11. h3 c5 12. Nde2 Nc7 13. a4 b6 14. Rb1 Rb8 15. b3
a6 16. Qd3 b5 17. Bd2 b4 18. Ne4 Bf5 19. Nxf6+ exf6 20. e4 Bd7 21. Ng3 Qd8 22.
Bg4 Re8 23. Rbe1 h5 24. Bxh5 gxh5 25. Nxh5 Re5 26. Nxg7 Kxg7 27. Qg3+ Kf8 28.
Bh6+ Ke7 29. f4 Rh5 30. e5 1-0

[Event "Primorsky Debut 2014"]
[Site "Vladivostok RUS"]
[Date "2014.07.25"]
[Round "5.9"]
[White "Biryukov, Mikhail"]
[Black "Gritsenko, Andrey"]
[Result "0-1"]
[WhiteTitle "FM"]
[BlackTitle "IM"]
[WhiteElo "2157"]
[BlackElo "2403"]
[WhiteFideId "24100498"]
[BlackFideId "4197933"]
[EventDate "2014.07.21"]

1. e4 c6 2. d4 d5 3. Nc3 dxe4 4. Nxe4 Nd7 5. Nf3 Ngf6 6. Nxf6+ Nxf6 7. Bc4 e6 8.
O-O Be7 9. c3 O-O 10. Bg5 Qc7 11. Re1 c5 12. Qe2 a6 13. Bd3 Rd8 14. Rad1 Bd7 15.
Ne5 Be8 16. Bb1 cxd4 17. cxd4 Rd5 18. Qd3 g6 19. Qf3 Kg7 20. Qh3 h5 21. Rd3 Rad8
22. Qh4 Ng8 23. Bxe7 Qxe7 24. Qf4 Qf6 25. Qe4 Ne7 26. a3 Nf5 27. Red1 Bb5 28.
R3d2 Ba4 29. Re1 Rxd4 30. Rxd4 Rxd4 31. Qf3 Rd5 32. Nd3 Bb5 33. Nb4 Re5 34. Rxe5
Qxe5 35. Qc3 Qxc3 36. bxc3 Nd6 37. Bc2 a5 38. Nd3 Ne4 39. Nc1 Nxc3 40. Nb3 b6 0-1

[Event "Primorsky Debut 2014"]
[Site "Vladivostok RUS"]
[Date "2014.07.25"]
[Round "5.10"]
[White "Vilchenko, Maxim"]
[Black "Zherebtsova, Alexandra"]
[Result "1/2-1/2"]
[BlackTitle "WFM"]
[WhiteElo "2256"]
[BlackElo "2146"]
[WhiteFideId "4173880"]
[BlackFideId "24129518"]
[EventDate "2014.07.21"]

1. e4 e5 2. Nf3 Nc6 3. Bb5 a6 4. Ba4 Nf6 5. O-O Be7 6. Qe2 b5 7. Bb3 d6 8. c3
Bg4 9. Rd1 O-O 10. d4 Qb8 11. Be3 a5 12. Nbd2 a4 13. Bc2 a3 14. d5 Nd8 15. Rab1
c6 16. dxc6 Nxc6 17. bxa3 Rxa3 18. Rxb5 Qa8 19. Bb3 Na7 20. Bxa7 Rxa7 21. Bc4
Rc8 22. Rdb1 h6 23. Qd1 Bd7 24. R5b2 Bc6 25. Qb3 Bf8 26. Bd3 Nxe4 27. Bxe4 Bxe4
28. Nxe4 Qxe4 29. h3 Qa8 30. c4 Ra3 31. Qc2 Ra4 32. Nd2 d5 33. Qf5 dxc4 34. Rb7
f6 35. Ne4 Ra6 36. Rd7 Rb8 37. Rc1 Qc6 38. Nc3 Qc8 39. Qg4 Rd6 40. Rxd6 Qxg4 41.
hxg4 Bxd6 42. Ne4 Bf8 43. Rxc4 Kf7 44. Rc7+ Ke6 45. Ra7 Kd5 46. f3 Rb2 47. Kh2
Ke6 48. Ra6+ Kf7 49. Ra7+ Ke6 50. a4 Be7 51. Ra8 g6 52. Rh8 h5 53. gxh5 gxh5 54.
a5 Ra2 55. Ra8 Ra3 56. a6 f5 57. Nd2 Kd5 58. a7 e4 59. fxe4+ fxe4 60. Nc4 Kxc4
61. Rc8+ Kd3 62. a8=Q Rxa8 63. Rxa8 e3 64. Re8 Bd6+ 65. Kh3 e2 66. Rxe2 Kxe2 67.
Kh4 1/2-1/2

[Event "Primorsky Debut 2014"]
[Site "Vladivostok RUS"]
[Date "2014.07.26"]
[Round "6.1"]
[White "Belous, Vladimir"]
[Black "Grachev, Boris"]
[Result "1/2-1/2"]
[WhiteTitle "GM"]
[BlackTitle "GM"]
[WhiteElo "2584"]
[BlackElo "2672"]
[WhiteFideId "4174003"]
[BlackFideId "4129199"]
[EventDate "2014.07.21"]

1. c4 e6 2. Nf3 d5 3. g3 Nf6 4. Bg2 dxc4 5. Qa4+ c6 6. Qxc4 b5 7. Qc2 Bb7 8. O-O
Nbd7 9. a4 a6 10. Rd1 Be7 11. d4 O-O 12. Nc3 c5 13. dxc5 b4 14. Ne5 Bxg2 15.
Kxg2 bxc3 16. Nxd7 Nxd7 17. c6 Ra7 18. cxd7 cxb2 19. Bxb2 Rxd7 20. f3 Rxd1 21.
Rxd1 Qc8 22. Qe4 Rd8 23. Rc1 Qa8 24. Qc4 h6 25. Rc2 Qb7 26. Be5 Qd5 27. Qxd5
Rxd5 28. Rc8+ Kh7 29. Bc3 Rc5 30. Rxc5 Bxc5 31. g4 g6 32. e4 f5 33. h3 h5 34.
Kf1 hxg4 35. hxg4 fxg4 36. fxg4 Kg8 37. Ke2 Kf7 38. Kd3 Ke8 39. Kc4 Be7 40. Bb4
Bd8 41. Kc5 Be7+ 42. Kc4 Bd8 43. Kc5 Be7+ 44. Kc4 1/2-1/2

[Event "Primorsky Debut 2014"]
[Site "Vladivostok RUS"]
[Date "2014.07.26"]
[Round "6.2"]
[White "Inarkiev, Ernesto"]
[Black "Bocharov, Dmitry"]
[Result "1-0"]
[WhiteTitle "GM"]
[BlackTitle "GM"]
[WhiteElo "2666"]
[BlackElo "2560"]
[WhiteFideId "4162722"]
[BlackFideId "4138716"]
[EventDate "2014.07.21"]

1. e4 c6 2. d4 d5 3. e5 Bf5 4. Nf3 e6 5. Be2 Nd7 6. O-O h6 7. c3 c5 8. c4 Ne7 9.
Nc3 dxc4 10. Bxc4 a6 11. Re1 Rc8 12. Bf1 cxd4 13. Nxd4 Bg6 14. Bf4 Nc6 15. Bd3
Bxd3 16. Nxc6 Rxc6 17. Qxd3 g5 18. Bg3 Nc5 19. Qf3 Bg7 20. Rad1 Qe7 21. Rd6 Rxd6
22. exd6 Qf6 23. d7+ Kd8 24. Qe2 e5 25. Qd2 Qe6 26. Nd5 Nxd7 27. Rd1 Qd6 28. Nb6
Qxd2 29. Rxd2 Kc7 30. Nxd7 Rd8 31. Nxe5 Rxd2 32. Nc4+ 1-0

[Event "Primorsky Debut 2014"]
[Site "Vladivostok RUS"]
[Date "2014.07.26"]
[Round "6.3"]
[White "Deviatkin, Andrei"]
[Black "Danin, Alexandre"]
[Result "1/2-1/2"]
[WhiteTitle "GM"]
[BlackTitle "GM"]
[WhiteElo "2512"]
[BlackElo "2572"]
[WhiteFideId "4121260"]
[BlackFideId "4144031"]
[EventDate "2014.07.21"]

1. d4 Nf6 2. Nf3 d5 3. c4 c6 4. cxd5 cxd5 5. Nc3 Nc6 6. Bf4 Bf5 7. e3 e6 8. Qb3
Bb4 9. Bb5 O-O 10. Bxc6 Bxc3+ 11. Qxc3 Rc8 12. Ne5 Ng4 13. Nxg4 Bxg4 14. Qb4
Rxc6 15. Qxb7 Qc8 16. Qxc8 Rfxc8 17. O-O Bf5 18. h4 h5 19. b3 a6 20. f3 f6 21.
Rf2 Rc1+ 22. Rxc1 Rxc1+ 23. Kh2 Rc2 24. Rxc2 Bxc2 25. g4 Kh7 26. gxh5 Bb1 27. a3
Bc2 28. b4 Ba4 29. Kg3 Bc2 30. Bd6 Kh6 31. Bf8 Ba4 32. Kf4 Bc2 33. e4 Ba4 34.
Ke3 Bd7 35. Ke2 Ba4 36. Kf2 Bd7 37. Kg3 Bc6 38. Kf4 Ba4 39. Ke3 Bd7 40. Kd3 Ba4
41. Kc3 Kxh5 42. Bxg7 Kxh4 43. Kd3 Kg5 1/2-1/2

[Event "Primorsky Debut 2014"]
[Site "Vladivostok RUS"]
[Date "2014.07.26"]
[Round "6.4"]
[White "Korniushin, Nikolay"]
[Black "Timofeev, Artyom"]
[Result "0-1"]
[WhiteTitle "IM"]
[BlackTitle "GM"]
[WhiteElo "2339"]
[BlackElo "2597"]
[WhiteFideId "4123808"]
[BlackFideId "4140419"]
[EventDate "2014.07.21"]

1. d4 Nf6 2. c4 g6 3. g3 Bg7 4. Bg2 d5 5. Nf3 O-O 6. O-O dxc4 7. Na3 c3 8. bxc3
c5 9. Ne5 Nfd7 10. Nac4 Nxe5 11. Nxe5 Bxe5 12. dxe5 Qc7 13. Qb3 Nc6 14. Qb5 Qxe5
15. Bf4 Qxc3 16. Rfc1 Qf6 17. Qxc5 Bf5 18. Bxc6 Rfc8 19. Qe5 Rxc6 20. Qxf6 Rxf6
21. Rc7 Re6 22. Rxb7 Rxe2 23. Be3 a5 24. Rxe7 a4 25. Ra7 Rxa7 26. Bxa7 Bh3 27.
a3 h6 28. Bc5 g5 29. Bb4 Kh7 30. Re1 Ra2 31. Rc1 f6 32. Rc7+ Kg6 33. Rc1 h5 34.
Re1 h4 35. Rc1 Be6 36. Kf1 Bd5 37. gxh4 gxh4 38. h3 Kf5 39. Bc5 Rb2 40. Kg1 Rb3
41. Kh2 Ke6 42. Re1+ Kd7 43. Rd1 Kc6 44. Rc1 Kd7 45. Rd1 Ke6 46. Re1+ Kf7 47.
Re7+ Kg6 48. Re1 Rc3 49. Bb4 Rf3 50. Bc5 Rb3 51. Rg1+ Kf5 52. Re1 Bb7 53. Be7
Kg6 54. Bb4 Rb2 55. Kg1 Bc8 56. Kg2 Bb7+ 57. Kg1 Rb3 58. Re3 f5 59. Re6+ Kh5 60.
Kh2 Rb2 61. Kg1 Be4 62. f4 Rb3 63. Bd6 Rxh3 64. Re8 Rh1+ 65. Kf2 Rh2+ 66. Ke3
Kg4 67. Rg8+ Kh3 68. Be7 Rg2 69. Rxg2 Bxg2 70. Bb4 Bc6 71. Be1 Kg4 72. Kf2 Kxf4
73. Ba5 Kg4 74. Bc7 f4 75. Kg1 Kg3 76. Bb6 h3 77. Bf2+ Kf3 78. Bh4 Ke2 79. Bd8 0-1

[Event "Primorsky Debut 2014"]
[Site "Vladivostok RUS"]
[Date "2014.07.26"]
[Round "6.5"]
[White "Ivanov, Mikhail M"]
[Black "Guseva, Marina"]
[Result "1/2-1/2"]
[WhiteTitle "GM"]
[BlackTitle "IM"]
[WhiteElo "2392"]
[BlackElo "2362"]
[WhiteFideId "4114906"]
[BlackFideId "4149351"]
[EventDate "2014.07.21"]

1. d4 d5 2. c4 c6 3. Nc3 Nf6 4. Nf3 e6 5. e3 Nbd7 6. Bd3 dxc4 7. Bxc4 b5 8. Bd3
Bb7 9. e4 b4 10. Na4 c5 11. e5 Nd5 12. dxc5 Nxc5 13. Nxc5 Bxc5 14. O-O h6 15.
Nd2 O-O 16. Ne4 Bd4 17. Nd6 Bxe5 18. Nxb7 Qb6 19. Qe2 Bf6 20. Qe4 Rfc8 21. Bf4
Nxf4 22. Qxf4 Qxb7 23. Be4 Qb8 24. Qd2 Rd8 25. Qc2 Rc8 26. Qd2 Rd8 27. Qc1 Rc8
28. Qd2 1/2-1/2

[Event "Primorsky Debut 2014"]
[Site "Vladivostok RUS"]
[Date "2014.07.26"]
[Round "6.6"]
[White "Ovetchkin, Roman"]
[Black "Sutormin, Danila"]
[Result "1-0"]
[WhiteTitle "GM"]
[WhiteElo "2521"]
[BlackElo "2228"]
[WhiteFideId "4119991"]
[BlackFideId "24108669"]
[EventDate "2014.07.21"]

1. d4 Nf6 2. g3 g6 3. Bg2 Bg7 4. e4 O-O 5. Nc3 d6 6. Nge2 c5 7. dxc5 dxc5 8.
Qxd8 Rxd8 9. Be3 Na6 10. h3 Ne8 11. f4 Nec7 12. Kf2 b6 13. a3 Bb7 14. Rhd1 Kf8
15. g4 Bc6 16. Bf3 Rac8 17. e5 Nb8 18. Rxd8+ Rxd8 19. b4 Bxf3 20. Kxf3 cxb4 21.
axb4 Nc6 22. b5 Na5 23. Nd4 Nd5 24. Nxd5 Rxd5 25. Ke4 Rd7 26. Nc6 Nxc6 27. bxc6
Rc7 28. Kd5 f5 29. g5 Ke8 30. Bxb6 Bxe5 31. Bxc7 Bxa1 32. Ke6 Bc3 33. Bb6 1-0

[Event "Primorsky Debut 2014"]
[Site "Vladivostok RUS"]
[Date "2014.07.26"]
[Round "6.7"]
[White "Kabanov, Nikolai"]
[Black "Muratov, Sergey"]
[Result "1-0"]
[WhiteTitle "GM"]
[BlackTitle "FM"]
[WhiteElo "2496"]
[BlackElo "2185"]
[WhiteFideId "4127820"]
[BlackFideId "4131355"]
[EventDate "2014.07.21"]

1. e4 c6 2. Nc3 d5 3. Qe2 d4 4. Nd1 e5 5. g3 Nf6 6. d3 c5 7. f4 Nc6 8. Nf3 Bg4
9. Nf2 Bxf3 10. Qxf3 Be7 11. h4 Nd7 12. h5 Qa5+ 13. Bd2 Qb5 14. b3 h6 15. Bh3
Nf6 16. Bf5 Qb6 17. Ng4 Nxg4 18. Qxg4 O-O 19. Bd7 Nb4 20. Kd1 Bf6 21. Qf5 Qd6
22. a3 Na6 23. b4 cxb4 24. axb4 Rfd8 25. Ba4 Rac8 26. Rf1 Rc7 27. g4 exf4 28.
Bxf4 Qxb4 29. Bxc7 Nxc7 30. Bb3 Nb5 31. Ke2 Bg5 32. Kf3 Qd2 33. Rf2 Qe3+ 34. Kg2
Nd6 35. Qf3 Ra8 36. Ra5 Qc1 37. e5 Nc8 38. Qxf7+ 1-0

[Event "Primorsky Debut 2014"]
[Site "Vladivostok RUS"]
[Date "2014.07.26"]
[Round "6.8"]
[White "Gritsenko, Andrey"]
[Black "Tugarin, Anton"]
[Result "1-0"]
[WhiteTitle "IM"]
[WhiteElo "2403"]
[BlackElo "2234"]
[WhiteFideId "4197933"]
[BlackFideId "24151246"]
[EventDate "2014.07.21"]

1. d4 d5 2. c4 e6 3. Nf3 c6 4. Qc2 Nf6 5. g3 Ne4 6. Bg2 f5 7. O-O Bd6 8. Nc3 O-O
9. Rb1 Nd7 10. b4 b5 11. cxb5 Nxc3 12. Qxc3 cxb5 13. Bg5 Qb6 14. Rfc1 Bb7 15.
Ne1 Rfc8 16. Qe3 Bf8 17. Nd3 h6 18. Nc5 Nxc5 19. dxc5 Qc6 20. Bf4 Qd7 21. Be5 a5
22. a3 axb4 23. axb4 Ra4 24. Qd4 Bc6 25. Rb3 Qf7 26. g4 Ra2 27. Re3 g6 28. gxf5
gxf5 29. Rg3+ Kh7 30. Bf3 Rca8 31. Kh1 R8a7 32. Rcg1 Rc2 33. Bh5 1-0

[Event "Primorsky Debut 2014"]
[Site "Vladivostok RUS"]
[Date "2014.07.26"]
[Round "6.9"]
[White "Pavlovskiy, Mikhail"]
[Black "Yanchenko, Roman"]
[Result "0-1"]
[BlackTitle "FM"]
[WhiteElo "2254"]
[BlackElo "2311"]
[WhiteFideId "24116530"]
[BlackFideId "4137329"]
[EventDate "2014.07.21"]

1. e4 d5 2. exd5 Qxd5 3. Nc3 Qa5 4. d4 c6 5. Nf3 Nf6 6. Be2 Bf5 7. O-O e6 8. Bg5
Nbd7 9. Qd2 Bb4 10. Bd3 Bg4 11. Bxf6 gxf6 12. Nh4 Rg8 13. g3 f5 14. a3 Be7 15.
Ng2 h5 16. Qe3 h4 17. Ne2 hxg3 18. fxg3 Qb6 19. c3 c5 20. d5 c4 21. dxe6 Qxe3+
22. Nxe3 fxe6 23. Bxc4 Bxe2 24. Bxe2 Bc5 25. Kf2 Ne5 26. Bb5+ Ke7 27. Ke2 a6 28.
Ba4 Bxe3 29. Kxe3 Ng4+ 30. Ke2 Nxh2 31. Rh1 Rh8 32. Rag1 Ng4 33. Bb3 Nf6 34.
Rxh8 Rxh8 35. Kf3 Ng4 36. Re1 e5 37. Re2 Kf6 38. Bd5 b6 39. c4 e4+ 40. Kg2 Ke5
41. Kg1 Rh3 42. Kg2 Rh2+ 43. Kf1 Rh1+ 44. Kg2 Rc1 45. Bb7 a5 46. b4 Rxc4 47.
bxa5 bxa5 48. Rd2 Ne3+ 49. Kf2 Rc3 50. a4 Ng4+ 51. Kg2 Rd3 52. Rxd3 exd3 53. Kf3
Kd4 54. Ba6 Nh2+ 55. Kf4 Nf1 56. Kf3 Kc3 57. Kf2 Nd2 58. Bb7 Ne4+ 59. Ke3 d2 60.
Ke2 Kc2 0-1

[Event "Primorsky Debut 2014"]
[Site "Vladivostok RUS"]
[Date "2014.07.26"]
[Round "6.10"]
[White "Sin, Denis"]
[Black "Vilchenko, Maxim"]
[Result "0-1"]
[WhiteElo "1984"]
[BlackElo "2256"]
[WhiteFideId "34126683"]
[BlackFideId "4173880"]
[EventDate "2014.07.21"]

1. d4 d5 2. c4 c6 3. Nf3 Nf6 4. e3 a6 5. b3 Bf5 6. Bd3 Bxd3 7. Qxd3 e6 8. O-O
Nbd7 9. Bb2 Bd6 10. Nbd2 O-O 11. Ne5 Ne8 12. Nxd7 Qxd7 13. e4 dxe4 14. Nxe4 Be7
15. Rad1 Rd8 16. Qf3 Nf6 17. Rd3 Nxe4 18. Qxe4 Bf6 19. Rfd1 Qc7 20. Bc1 Qa5 21.
a4 Rd7 22. Bd2 Qh5 23. Bb4 Rfd8 24. Bc5 Bxd4 25. Bxd4 c5 26. Bc3 Qxd1+ 27. Rxd1
Rxd1+ 28. Be1 Rc1 29. g3 Rdd1 30. Qxb7 Rxe1+ 31. Kg2 h6 32. Qxa6 Rb1 33. Qb5 Rb2
34. a5 Ree2 35. Qxc5 Rxb3 36. Qc7 Ra2 37. c5 Rbb2 38. Qd8+ Kh7 39. Qd3+ Kg8 40.
Qd8+ Kh7 41. Qd4 e5 42. Qd3+ Kg8 43. Qd8+ Kh7 44. Qd3+ g6 45. Qe3 Re2 46. Qf3
Kg7 47. c6 Rec2 48. Qe3 Rxa5 49. Qe4 Rac5 50. c7 f6 51. h4 h5 52. Qf3 Rxc7 53.
g4 hxg4 54. Qxg4 R2c4 55. Qg3 Kh6 56. Qf3 Rf4 57. Qh3 Rc2 58. Qe6 Rfxf2+ 59. Kg1
Rfd2 0-1

[Event "Primorsky Debut 2014"]
[Site "Vladivostok RUS"]
[Date "2014.07.27"]
[Round "7.1"]
[White "Grachev, Boris"]
[Black "Inarkiev, Ernesto"]
[Result "1/2-1/2"]
[WhiteTitle "GM"]
[BlackTitle "GM"]
[WhiteElo "2672"]
[BlackElo "2666"]
[WhiteFideId "4129199"]
[BlackFideId "4162722"]
[EventDate "2014.07.21"]

1. d4 d5 2. c4 c6 3. e3 Bf5 4. Bd3 Bxd3 5. Qxd3 Nf6 6. Nf3 e6 7. Nbd2 Nbd7 8.
O-O Bd6 9. e4 dxe4 10. Nxe4 Nxe4 11. Qxe4 h6 12. Rd1 O-O 13. Bd2 Qe7 14. Bc3 Bb4
15. Rac1 Rfd8 16. h3 Rac8 17. Qe2 Re8 18. a3 Bd6 19. Ne5 Red8 20. Rd3 b5 21. Ba5
Nb6 22. Bxb6 axb6 23. cxb5 Bxe5 24. Qxe5 Rd5 25. Qe3 Rxb5 26. d5 Qe8 27. dxc6
Rxc6 28. Rcd1 Rc8 29. b4 Qc6 30. Rd6 Qc2 31. R1d2 Qb1+ 32. Rd1 Qc2 33. R6d2 Qf5
34. Qd3 Qxd3 35. Rxd3 Re5 36. Rd8+ Rxd8 37. Rxd8+ Kh7 38. Kf1 g5 39. Ra8 Kg6 40.
a4 Re4 41. b5 h5 42. g3 g4 43. h4 f6 44. Ra6 1/2-1/2

[Event "Primorsky Debut 2014"]
[Site "Vladivostok RUS"]
[Date "2014.07.27"]
[Round "7.2"]
[White "Timofeev, Artyom"]
[Black "Belous, Vladimir"]
[Result "0-1"]
[WhiteTitle "GM"]
[BlackTitle "GM"]
[WhiteElo "2597"]
[BlackElo "2584"]
[WhiteFideId "4140419"]
[BlackFideId "4174003"]
[EventDate "2014.07.21"]

1. d4 Nf6 2. c4 g6 3. Nc3 Bg7 4. e4 d6 5. Nf3 O-O 6. h3 e5 7. d5 a5 8. g4 Na6 9.
Be3 Nc5 10. Nd2 Bd7 11. Be2 c6 12. Kf1 a4 13. h4 a3 14. b4 cxd5 15. cxd5 Na4 16.
Nxa4 Bxa4 17. Qc1 Qd7 18. f3 Rfc8 19. Qxa3 Bd1 20. Qd3 Bc2 21. Qb5 Qe7 22. a4
Rc3 23. Nc4 Rc8 24. Nb6 R8c7 25. Bd2 Bxe4 26. Bxc3 Rxc3 27. g5 Bxf3 28. gxf6
Bxf6 29. Rh2 e4 30. Re1 Qe5 31. Rf2 Bxh4 32. Bxf3 Bxf2 33. Rxe4 Qh2 0-1

[Event "Primorsky Debut 2014"]
[Site "Vladivostok RUS"]
[Date "2014.07.27"]
[Round "7.3"]
[White "Bocharov, Dmitry"]
[Black "Deviatkin, Andrei"]
[Result "1-0"]
[WhiteTitle "GM"]
[BlackTitle "GM"]
[WhiteElo "2560"]
[BlackElo "2512"]
[WhiteFideId "4138716"]
[BlackFideId "4121260"]
[EventDate "2014.07.21"]

1. e4 e5 2. Nf3 Nc6 3. Bc4 Bc5 4. c3 Nf6 5. d3 a6 6. O-O d6 7. a4 Ba7 8. Nbd2
O-O 9. b4 Ne7 10. Re1 Ng6 11. Nf1 c6 12. Bb3 h6 13. Ng3 Re8 14. h3 d5 15. Ra2
Be6 16. Rd2 Qc7 17. Rde2 Rad8 18. Qc2 dxe4 19. dxe4 c5 20. Bxe6 Rxe6 21. b5 axb5
22. axb5 c4 23. Rd2 Rxd2 24. Bxd2 Bc5 25. Qa4 Nf4 26. Be3 Nd3 27. Re2 Bxe3 28.
Rxe3 Nd7 29. Nf5 Nb6 30. Qd1 Nd7 31. Ne1 Nxe1 32. Rxe1 Kh7 33. Qg4 Rg6 34. Qe2
Qc5 35. Qd2 Qxb5 36. Rd1 Nc5 37. Ne7 Re6 38. Qd8 Rxe7 39. Qxe7 Nxe4 40. Qxf7 Nf6
41. Qe6 e4 42. Rd4 Qb1+ 43. Kh2 e3 44. fxe3 b5 45. e4 Qf1 46. e5 Ng8 47. Qg4 Ne7
48. Qe4+ Qf5 49. Qxf5+ Nxf5 50. Rd5 Kg6 51. Rxb5 Ne3 52. e6 1-0

[Event "Primorsky Debut 2014"]
[Site "Vladivostok RUS"]
[Date "2014.07.27"]
[Round "7.4"]
[White "Danin, Alexandre"]
[Black "Gritsenko, Andrey"]
[Result "1-0"]
[WhiteTitle "GM"]
[BlackTitle "IM"]
[WhiteElo "2572"]
[BlackElo "2403"]
[WhiteFideId "4144031"]
[BlackFideId "4197933"]
[EventDate "2014.07.21"]

1. c4 c6 2. Nf3 d5 3. g3 Nf6 4. Bg2 Bf5 5. cxd5 cxd5 6. Qb3 Qd7 7. Ne5 Qc7 8.
Nc3 Nc6 9. Nxc6 bxc6 10. d3 e6 11. O-O Be7 12. Bf4 Qd7 13. Rac1 O-O 14. Na4 Rfc8
15. Nc5 Qe8 16. Rc2 Nd7 17. Nxd7 Qxd7 18. Qa4 Qb7 19. Rfc1 c5 20. Be3 c4 21.
Rxc4 Rxc4 22. dxc4 Qxb2 23. cxd5 exd5 24. Bxd5 Rd8 25. Qc4 Bg6 26. Be4 Bxe4 27.
Qxe4 Bf6 28. Qc2 Qa3 29. Rb1 a5 30. Rb7 Qc3 31. Qxc3 Bxc3 32. Rb3 Rc8 33. Rb5 a4
34. Rc5 Rxc5 35. Bxc5 f5 36. f3 Kf7 37. Kf2 Ke6 38. Ke3 Kd5 39. Kd3 Be5 40. Bf2
g5 41. e4+ fxe4+ 42. fxe4+ Ke6 43. h3 h5 44. g4 hxg4 45. hxg4 Bd6 46. Bd4 Bf8
47. Kc4 Bd6 48. Kb5 a3 49. Kc4 Bf8 50. Bc3 Bd6 51. Bb4 Bxb4 52. Kxb4 Ke5 53.
Kxa3 Kf4 54. e5 1-0

[Event "Primorsky Debut 2014"]
[Site "Vladivostok RUS"]
[Date "2014.07.27"]
[Round "7.5"]
[White "Guseva, Marina"]
[Black "Ovetchkin, Roman"]
[Result "0-1"]
[WhiteTitle "IM"]
[BlackTitle "GM"]
[WhiteElo "2362"]
[BlackElo "2521"]
[WhiteFideId "4149351"]
[BlackFideId "4119991"]
[EventDate "2014.07.21"]

1. d4 e6 2. c4 d5 3. Nc3 c6 4. e3 Bd6 5. Bd3 f5 6. Nge2 Nh6 7. h3 O-O 8. O-O Nd7
9. Bd2 Qe7 10. cxd5 exd5 11. Qc2 Nf6 12. f3 Bd7 13. Rae1 Rae8 14. Qb3 Be6 15.
Nf4 Bf7 16. Be2 Kh8 17. Qc2 Rg8 18. Bd3 g5 19. Nfe2 g4 20. hxg4 fxg4 21. Nf4 Nh5
22. fxg4 Nxg4 23. Rf3 Bxf4 24. exf4 Qh4 0-1

[Event "Primorsky Debut 2014"]
[Site "Vladivostok RUS"]
[Date "2014.07.27"]
[Round "7.6"]
[White "Yanchenko, Roman"]
[Black "Kabanov, Nikolai"]
[Result "1-0"]
[WhiteTitle "FM"]
[BlackTitle "GM"]
[WhiteElo "2311"]
[BlackElo "2496"]
[WhiteFideId "4137329"]
[BlackFideId "4127820"]
[EventDate "2014.07.21"]

1. d4 d6 2. c4 e5 3. e3 Nd7 4. Nc3 g6 5. g3 Bg7 6. Bg2 Ne7 7. Nge2 Nf5 8. b3 O-O
9. O-O Re8 10. dxe5 dxe5 11. Ne4 a5 12. N2c3 Ne7 13. Ba3 Nc6 14. Nc5 Bf8 15.
N3e4 Nxc5 16. Bxc5 Bg7 17. Qe2 Bf5 18. h3 Nb4 19. Rad1 Qc8 20. g4 Bd7 21. Bxb4
axb4 22. Nc5 Bc6 23. Bxc6 bxc6 24. Qf3 Rd8 25. Qxc6 Rxa2 26. Rd5 Rxd5 27. cxd5
Qa8 28. Qxa8+ Rxa8 29. Rc1 Bf8 30. Ne4 f5 31. Ng3 Ra5 32. gxf5 gxf5 33. Nxf5
Rxd5 34. Rxc7 Rd3 35. Ng3 Rxb3 36. Nh5 Bd6 37. Nf6+ Kf8 38. Nxh7+ Ke8 39. Nf6+
Kf8 40. Nh7+ Ke8 41. Nf6+ Kf8 42. Rb7 Rc3 43. Rb6 Rd3 44. Rb7 Rc3 45. Kg2 Rc4
46. Kf3 Rh4 47. Kg3 Rh6 48. Nd5 Rg6+ 49. Kf3 Rg1 50. Rb6 Bc5 51. Rc6 b3 52. Rxc5
b2 53. Nc3 Rc1 54. Rxe5 Rxc3 55. Rb5 Rc2 56. Rb7 Ke8 57. h4 Kf8 58. h5 Kg8 59.
h6 Kh8 60. e4 Kg8 61. Ke3 Kh8 62. h7 Rc3+ 63. Kd2 Rc7 64. Rxb2 Rb7 65. Rc2 Rc7
66. f4 1-0

[Event "Primorsky Debut 2014"]
[Site "Vladivostok RUS"]
[Date "2014.07.27"]
[Round "7.7"]
[White "Vilchenko, Maxim"]
[Black "Ivanov, Mikhail M"]
[Result "1-0"]
[BlackTitle "GM"]
[WhiteElo "2256"]
[BlackElo "2392"]
[WhiteFideId "4173880"]
[BlackFideId "4114906"]
[EventDate "2014.07.21"]

1. d4 Nf6 2. c4 a6 3. Nc3 c5 4. dxc5 e6 5. e4 Qc7 6. Be3 Bxc5 7. Bxc5 Qxc5 8.
Be2 d6 9. Nf3 e5 10. O-O O-O 11. Qd3 Bg4 12. Nd2 Bxe2 13. Qxe2 Rc8 14. Rfd1 Nbd7
15. Nb3 Qb4 16. Qd3 Nb6 17. Nd2 Nxc4 18. Nxc4 Rxc4 19. Qxd6 Qxd6 20. Rxd6 Rb4
21. Rad1 Kf8 22. b3 Nxe4 23. Nxe4 Rxe4 24. Rb6 Rb8 25. f3 Re2 26. a4 f6 27. h4
Ke7 28. Rbd6 Rb2 29. Rd7+ Kf8 30. Rc1 Rxb3 31. Rcc7 Rb1+ 32. Kh2 Rb4 33. Rf7+
Ke8 34. Rxg7 Kd8 35. Rgd7+ Ke8 36. Rxh7 1-0